L'inconnue du portrait (Record no. 5117)

MARC details
000 -CABECERA
campo de control de longitud fija 02990cam a2200337 i 4500
001 - NÚMERO DE CONTROL
campo de control 10618891
003 - IDENTIFICADOR DEL NÚMERO DE CONTROL
campo de control CaAEU
005 - FECHA Y HORA DE LA ÚLTIMA TRANSACCIÓN
campo de control 20251029135051.0
008 - DATOS DE LONGITUD FIJA--INFORMACIÓN GENERAL
campo de control de longitud fija 231107t20242024fr 000 f fre c
020 ## - NÚMERO INTERNACIONAL ESTÁNDAR DEL LIBRO
Número Internacional Estándar del Libro 9782702185179
035 ## - NÚMERO DE CONTROL DEL SISTEMA
Número de control de sistema on1416871652
040 ## - FUENTE DE LA CATALOGACIÓN
Centro catalogador/agencia de origen AUXAM
Lengua de catalogación eng
Normas de descripción rda
Centro/agencia transcriptor AUXAM
Centro/agencia modificador TJC
-- NOC
-- OCLCO
-- C3L
-- QGK
-- VP@
-- UAB
-- AEU
041 ## - CÓDIGO DE LENGUA
Código de lengua del texto/banda sonora o título independiente fre
042 ## - CÓDIGO DE AUTENTICACIÓN
Código de autenticación pcc
050 #4 - SIGNATURA TOPOGRÁFICA DE LA BIBLIOTECA DEL CONGRESO
Número de clasificación PQ2716.E74
Número de documento/Ítem I56 2024
100 ## - ENTRADA PRINCIPAL--NOMBRE DE PERSONA
Nombre de persona Peretti, Camille de
Término indicativo de función/relación author
9 (RLIN) 26356
245 12 - MENCIÓN DE TÍTULO
Título L'inconnue du portrait
Resto del título : roman
Mención de responsabilidad, etc. / Camille de Peretti.
260 ## - PUBLICACIÓN, DISTRIBUCIÓN, ETC.
Lugar de publicación, distribución, etc. Paris :
Nombre del editor, distribuidor, etc. Calmann-Lévy,
Fecha de publicación, distribución, etc. 2024.
300 ## - DESCRIPCIÓN FÍSICA
Extensión 357 pages ;
Dimensiones 22 cm
520 8# - SUMARIO, ETC.
Sumario, etc. 'La toile vibrait de beauté. Elle en avait le souffle coupé et se noyait dans l'oeil bleu ciel piqueté de vert. Est-ce qu'elle était réellement le sosie de cette inconnue ?' Peint à Vienne en 1910, le tableau de Gustav Klimt Portrait d'une dame est acheté par un collectionneur anonyme en 1916, retouché par le maître un an plus tard, puis volé en 1997, avant de réapparaître en 2019 dans les jardins d'un musée d'art moderne en Italie. Aucun expert en art, aucun conservateur de musée, aucun enquêteur de police ne sait qui était la jeune femme représentée sur le tableau, ni quels mystères entourent l'histoire mouvementée de son portrait. Des rues de Vienne en 1900 au Texas des années 1980, du Manhattan de la Grande Dépression à l'Italie contemporaine, Camille de Peretti imagine la destinée de cette jeune femme, ainsi que celles de ses descendants. Une fresque magistrale où se mêlent secrets de familles, succès éclatants, amours contrariées, disparitions et drames retentissants.
520 8# - SUMARIO, ETC.
Sumario, etc. “The canvas shimmered with beauty. It took her breath away, and she drowned in that sky-blue eye flecked with green. Was she really the double of this unknown woman?”<br/><br/>Painted in Vienna in 1910, Gustav Klimt’s Portrait of a Lady was purchased by an anonymous collector in 1916, retouched by the master a year later, then stolen in 1997—before mysteriously resurfacing in 2019 in the gardens of a modern art museum in Italy. No art expert, museum curator, or police investigator knows who the young woman in the portrait was, nor what secrets lie behind the painting’s turbulent history.<br/><br/>From the streets of Vienna in 1900 to Texas in the 1980s, from Depression-era Manhattan to contemporary Italy, Camille de Peretti imagines the fate of this young woman and that of her descendants. A sweeping saga woven with family secrets, dazzling successes, doomed love affairs, disappearances, and resounding tragedies.
600 #0 - PUNTO DE ACCESO ADICIONAL DE MATERIA--NOMBRE DE PERSONA
Nombre de persona Klimt, Gustav
Fechas asociadas al nombre 1862-1918
Título de la obra Portrait of a Lady
Subdivisión de forma Fiction
9 (RLIN) 26357
650 #0 - PUNTO DE ACCESO ADICIONAL DE MATERIA--TÉRMINO DE MATERIA
Término de materia o nombre geográfico como elemento de entrada Artists' models
Subdivisión de forma Fiction
9 (RLIN) 26358
650 #0 - PUNTO DE ACCESO ADICIONAL DE MATERIA--TÉRMINO DE MATERIA
Término de materia o nombre geográfico como elemento de entrada Shoe shiners
Subdivisión de forma Fiction
9 (RLIN) 26359
650 #0 - PUNTO DE ACCESO ADICIONAL DE MATERIA--TÉRMINO DE MATERIA
Término de materia o nombre geográfico como elemento de entrada Illegitimate children
Subdivisión de forma Fiction
9 (RLIN) 24142
650 #0 - PUNTO DE ACCESO ADICIONAL DE MATERIA--TÉRMINO DE MATERIA
Término de materia o nombre geográfico como elemento de entrada Art thefts
Subdivisión de forma Fiction
9 (RLIN) 26360
651 #0 - PUNTO DE ACCESO ADICIONAL DE MATERIA--NOMBRE GEOGRÁFICO
Nombre geográfico United States
Subdivisión de forma Fiction
9 (RLIN) 26361
651 #0 - PUNTO DE ACCESO ADICIONAL DE MATERIA--NOMBRE GEOGRÁFICO
Nombre geográfico Italy
Subdivisión de forma Fiction
9 (RLIN) 26362
651 #0 - PUNTO DE ACCESO ADICIONAL DE MATERIA--NOMBRE GEOGRÁFICO
Nombre geográfico Vienna (Austria)
Subdivisión de forma Fiction
9 (RLIN) 26363
942 ## - ELEMENTOS DE ENTRADA AGREGADA (KOHA)
Fuente del sistema de clasificación o colocación Clasificación de Library of Congress
Holdings
Estado de retiro Estado de pérdida Fuente del sistema de clasificación o colocación Estado dañado No para préstamo Biblioteca de origen Biblioteca actual Fecha de adquisición Total de préstamos Signatura topográfica completa Código de barras Fecha visto por última vez Número de copia Precio válido a partir de Tipo de ítem Koha
    Clasificación de Library of Congress     TBS Barcelona TBS Barcelona 29/10/2025   P-FR PER B06047 29/10/2025 1 29/10/2025 Book

Powered by Koha